Obchod a platební problémy ve střední a východní Evropě
Rozpad RVHP a pokles vzájomného obchodu. Obchodná reštrukturalizácia v krajinách strednej a východnej Európy. Obchodný potenciál SNŠ vo svetovom trhovom prostredí. Obchodný, menový a platobný prehľad za r. 1990-1992 v sledovaných krajinách. Príklady efektívnych multilaterálnych platobných systémov....
Salvato in:
| Autore principale: | |
|---|---|
| Altri autori: | |
| Natura: | Capitolo di libro |
| Lingua: | ceco |
| Soggetti: | |
| Tags: |
Nessun Tag, puoi essere il primo ad aggiungerne!!
|
MARC
| LEADER | 00000naa a2200000 4500 | ||
|---|---|---|---|
| 001 | r016516 | ||
| 005 | 20221205080233.4 | ||
| 041 | 0 | |a cze | |
| 044 | |a CZ | ||
| 245 | 1 | 0 | |a Obchod a platební problémy ve střední a východní Evropě |c D. Linotte, P. Zahradník |
| 520 | |a Rozpad RVHP a pokles vzájomného obchodu. Obchodná reštrukturalizácia v krajinách strednej a východnej Európy. Obchodný potenciál SNŠ vo svetovom trhovom prostredí. Obchodný, menový a platobný prehľad za r. 1990-1992 v sledovaných krajinách. Príklady efektívnych multilaterálnych platobných systémov. Problémy a prekážky v návrhu platobného usporiadania medzi SNŠ a ostatnými transformujúcimi sa krajinami. | ||
| 610 | 2 | 0 | |a obchod zahraničný |
| 610 | 2 | 0 | |a RVHP |
| 610 | 2 | 0 | |a stredná Európa |
| 610 | 2 | 0 | |a východná Európa |
| 610 | 2 | 0 | |a západná Európa |
| 610 | 2 | 0 | |a Spoločenstvo nezávislých štátov |
| 610 | 2 | 0 | |a bilancia platobná |
| 610 | 2 | 0 | |a dohody platobné medzinárodné |
| 610 | 2 | 0 | |a dohody obchodné |
| 610 | 2 | 0 | |a transformácia |
| 610 | 2 | 0 | |a kurz devízový |
| 100 | 1 | |a Linotte, D. | |
| 700 | 1 | |a Zahradník, Petr | |